000 00788cab a22001935a 4500
001 L146205
008 081216s2008 xxkdo f s 000 0 eng d
035 _a(Sirsi) u146205
041 0 _aeng
100 1 _aPollock, Josh
245 0 0 _aRenewable energy
_bincreasing upward pressure on land prices
260 _c2008
490 _aFarmland Market
_v(0849) Winter 2008, 16-17(2)
520 _aArticle looks at how the growth in renewable energy technologies is leading to upwards pressures on land prices. While the author posits this as being the case, he does add that given other variables, it is difficult to correlate income from renewable energy to land prices.
590 _aKA
651 4 _aUnited Kingdom
_y
690 _aENVIRONMENTAL AND LAND CONSULTANCY-ENERGY
942 _n0
999 _c81084
_d81084